000 00368nam a2200145Ia 4500
008 230314s9999 xx 000 0 und d
020 _a978-93-81390-18-4
041 _aeng
082 _aN/613.2/SOH/DB0377
100 _aSohi Darshan
245 _aPV Textbook of Nutrition
260 _bS Vikas and Co
_aJalandhar
_c2014
300 _a467
999 _c143757
_d143757